Mission Impossible - All Movies - Statistics

General Stats
  • This quiz has been taken 352 times
    100 since last reset
  • The average score is 7 of 8
Answer Stats
Year Movie % Correct
1996 Mission: Impossible
97%
2000 Mission: Impossible 2
93%
2006 Mission: Impossible 3
92%
2011 Mission: Impossible: Ghost Protocol
86%
2023 Mission: Impossible: Dead Reckoning
84%
2018 Mission: Impossible: Fallout
84%
2025 Mission: Impossible: The Final Reckoning
82%
2015 Mission: Impossible: Rogue Nation
77%
No matching quizzes found
Score Distribution
Percent of People with Each Score
Percentile by Number Answered
Your Score History
You have not taken this quiz since the last reset